[Európska sociálna politika]

Recenzia na učebnicu, ktorá je určená študentom EÚ v Bratislave ako aj študentom iných vysokých škôl s ekonomickým zameraním. Učebnica umožňuje študentom osvojiť si teoretické poznatky zo sociálnej politiky v podmienkach EÚ s akcentom na európsky sociálny model na sociálnu ochranu ako aj jeho najr...

Descrizione completa

Salvato in:
Dettagli Bibliografici
Autore principale: Polonyová, Simona, 1985-
Natura: Capitolo di libro
Lingua:slovacco
Soggetti:
Tags: Aggiungi Tag
Nessun Tag, puoi essere il primo ad aggiungerne!!

MARC

LEADER 00000naa$a2200000$$$4500
001 0116120
005 20240502072308.6
041 0 |a slo 
044 |a SK 
245 1 0 |a [Európska sociálna politika]  |c Simona Polonyová 
520 |a Recenzia na učebnicu, ktorá je určená študentom EÚ v Bratislave ako aj študentom iných vysokých škôl s ekonomickým zameraním. Učebnica umožňuje študentom osvojiť si teoretické poznatky zo sociálnej politiky v podmienkach EÚ s akcentom na európsky sociálny model na sociálnu ochranu ako aj jeho najrozsiahlejší pilier, na modernizačné a konvergenčné tendencie sociálnej ochrany a v súvislosti s tým na podrobnejšie rozpracovanie osobitostí systémov sociálnej ochrany členských štátov EÚ. 
610 2 0 |a Európska únia 
610 2 0 |a recenzie 
610 2 0 |a politika sociálna 
610 2 0 |a ochrana sociálna 
100 1 |a Polonyová, Simona, 1985-